Khảo sát một lớp phương trình vi phân tập có chọn : Luận văn Thạc sĩ Toán học chuyên ngành Giải tích

Đề tài trình bày những khái niệm cơ bản về tập compact lồi đóng, định nghĩa không gian Metric Hausdorff, các định lý về so sánh nghiệm và sự tồn tại nghiệm tập, các tính chất phương trình vi phân tập và phương trình vi phân tập có "chọn...

ver descrição completa

Na minha lista:
Detalhes bibliográficos
Autor principal: Nguyễn, Minh Triết
Formato: Livro
Idioma:Undetermined
Publicado em: Cần Thơ Trường Đại học Cần Thơ 2011
Assuntos:
Tags: Adicionar Tag
Sem tags, seja o primeiro a adicionar uma tag!
Thư viện lưu trữ: Trung tâm Học liệu Trường Đại học Cần Thơ
LEADER 01165nam a2200217Ia 4500
001 CTU_166555
008 210402s9999 xx 000 0 und d
082 |a 515.35 
082 |b Tr308 
088 |a 604601 
100 |a Nguyễn, Minh Triết 
245 0 |a Khảo sát một lớp phương trình vi phân tập có chọn : 
245 0 |b Luận văn Thạc sĩ Toán học chuyên ngành Giải tích 
245 0 |c Nguyễn Minh Triết ; Nguyễn Đình Phư (Người hướng dẫn) 
260 |a Cần Thơ 
260 |b Trường Đại học Cần Thơ 
260 |c 2011 
520 |a Đề tài trình bày những khái niệm cơ bản về tập compact lồi đóng, định nghĩa không gian Metric Hausdorff, các định lý về so sánh nghiệm và sự tồn tại nghiệm tập, các tính chất phương trình vi phân tập và phương trình vi phân tập có "chọn". 
650 |a Differential equations,Phương trình vi phân 
904 |i Huệ, Hải 
980 |a Trung tâm Học liệu Trường Đại học Cần Thơ